[Event "Baku Ahiita op"]
[Site "Baku"]
[Date "2015.11.18"]
[Round "5"]
[White "Abdullayev, Tarlan"]
[Black "Hasanzade, Vahid"]
[Result "0-1"]
[WhiteElo "1394"]
[BlackElo "1507"]
[PlyCount "77"]
[EventDate "2015.11.14"]
[EventType "swiss"]
[EventRounds "7"]
[EventCountry "AZE"]
[SourceTitle "EXT 2024"]
[Source "ChessBase"]
[SourceDate "2023.10.10"]
[SourceVersion "1"]
[SourceVersionDate "2023.10.10"]
[SourceQuality "1"]

1. d4 d5 2. c4 e6 3. cxd5 exd5 4. Nc3 Ne7 5. Bg5 f6 6. Bf4 Ng6 7. Bg3 c6 8. e3 Bf5 9. Bd3 Bxd3 10. Qxd3 Bb4 11. Nge2 0-0 12. 0-0 Bd6 13. Rae1 f5 14. Bxd6 Qxd6 15. f3 Nd7 16. e4 dxe4 17. Qc4+ Kh8 18. fxe4 fxe4 19. Nxe4 Qe7 20. N2c3 Qh4 21. Nd6 h6 22. Nxb7 Nde5 23. Qe2 Qxd4+ 24. Qe3 Qxe3+ 25. Rxe3 Rxf1+ 26. Kxf1 Rb8 27. Na5 Rxb2 28. h4 h5 29. Rg3 Kh7 30. Nb3 Kh6 31. Rg5 Rc2 32. Ne4 Ng4 33. Nd4 Rc1+ 34. Ke2 Ne7 35. Ne6 g6 36. Nd6 Rc2+ 37. Kf3 Rc3+ 38. Ke2 c5 39. Nxc5 0-1